WK winnaars - Statistieken

Algemene statistieken
  • Deze quiz is 224 keer genomen
  • De gemiddelde score is 20 van 22
Antwoordstatistieken
Jaar Antwoord % Correct
2010 Spanje
98%
2018 Frankrijk
97%
1998 Frankrijk
97%
2022 Argentinië
96%
1986 Argentinië
96%
1978 Argentinië
96%
2014 Duitsland
96%
1990 Duitsland
96%
1974 Duitsland
96%
1954 Duitsland
96%
2002 Brazilië
94%
1994 Brazilië
94%
1970 Brazilië
94%
1962 Brazilië
94%
1958 Brazilië
94%
2006 Italië
90%
1982 Italië
90%
1938 Italië
90%
1934 Italië
90%
1950 Uruguay
80%
1930 Uruguay
80%
1966 Engeland
66%
Geen overeenkomende quizzen gevonden
Scoreverdeling
Procent van Mensen met Elke Score
Percentiel versus Aantal Correcte Antwoorden
Uw Scoregeschiedenis
U heeft deze quiz nog niet genomen